000 01526namaa22003131i 4500
005 20260301112156.0
008 260214s1994 ua a|||fr|m|| 000 0 eng d
040 _aEG-GICUC
_beng
_cEG-GICUC
_dEG-GICUC
_erda
041 0 _aeng
_beng
_bara
049 _aDeposit
097 _aM.Sc
099 _aCai01.10.15.M.Sc.1994.Sa.S
100 0 _aSamya El-Magdy Salama Ahmed,
_epreparation.
245 1 0 _aStudies on the efficacy of combined immunostimulant - antibiotic Therapy against experimental mycoplasma gallisepticum in fection in chickens /
_cBy Samya El-Magdy Salama Ahmed; Supervised Prof. Dr. M. Samih M. Hanafy, Dr. Fawkia Ibrahim Abd El-Rahman
246 1 5 _aدراسات على فعالية بعض منشطات المناعةوالمضادات الحيوية فى علاج العدوى التجريبية بالميموبلازما فى الدجاج
264 0 _c1994.
300 _a69 Leaves :
_billustrations ;
_c30 cm. +
336 _2rda content
_atext
337 _2rdamedia
_aUnmediated
338 _2rdacarrier
_avolume
502 _aThesis (M.Sc.)-Cairo University, 1994
504 _aBibliography: pages 59 : 69
653 0 _ainfection in chickens
_aantibiotic Therapy
700 0 _aM. Samih M. Hanafy
_ethesis advisor.
700 0 _aFawkia Ibrahim Abd El-Rahman
_ethesis advisor.
900 _DDepartment of Pharmacology
_FFaculty of Medicine
_UCairo University
_b1994
_cM. Samih M. Hanafy
_cFawkia Ibrahim Abd El-Rahman
_dM. Samih M. Hanafy
905 _aNagat
_eNourhan
942 _2ddc
_cTH
_e21
_n0
999 _c178442